000 00926nam a22002897a 4500
001 BR9100120
003 BR-BrBNA
005 20230928093452.0
007 ta
008 230509b bl.||||| |||| 00| 0 por d
040 _aBR-BrBNA
_bpor
_cBiblioteca Nacional de Agricultura
041 _a(Por)
072 _aL73
_b5100
_b4150
090 _ 5100 BR9100120
100 1 _aFerraz, I.B.F.
110 1 _aUniversidade Federal de Minas Gerais, Belo Horizonte (Brasil). Escola de Veterinaria
_0Tese (Mestrado)
245 1 _aProducao experimental do antigeno para a prova de imunodifusao em anemia infecciosa equina
260 3 _aBelo Horizonte, MG (Brasil):
_c1990.
300 _a83 p.
500 _aBibliography p. 58-69 (100 ref.); Summary (Por); 6 illus.; 8 tables
650 _aEQUINO
650 _aANEMIA INFECCIOSA
650 _aVIRUS
650 _aANTIGENO
909 _a202309
_bLucia
_c55
_dLucia Elande
942 _cBK
999 _c45179
_d45179